|
|
|
|
| LEADER |
00910nam a2200241 a 4500 |
| 001 |
GR-Patra15200 |
| 008 |
030401s1999 gr e b 001 0 eng d |
| 020 |
|
|
|a 0873228537
|
| 040 |
|
|
|a GrPaTEI
|b gre
|c GR-PaULI
|
| 040 |
|
|
|a GrPaTEI
|b gre
|c GR-PaULI
|
| 082 |
|
0 |
|a 338.4791
|2 21
|
| 100 |
1 |
|
|a Standeven, Joy
|
| 245 |
1 |
0 |
|a Sport tourism /
|c Joy Standeven, Paul de Knop.
|
| 260 |
|
|
|a Champaign :
|b Human Kinetics,
|c c1999
|
| 300 |
|
|
|a viii, 366σ.
|
| 504 |
|
|
|a Περιλαμβάνει βιβλιογραφίες και ευρετήριο.
|
| 650 |
|
0 |
|a Sports and tourist trade
|
| 700 |
1 |
|
|a Knop, Paul De
|
| 710 |
0 |
|
|a Human Kinetics
|
| 942 |
|
|
|2 ddc
|
| 952 |
|
|
|0 0
|1 0
|2 ddc
|4 0
|6 338_479100000000000_STA
|7 0
|9 294010
|a LISK
|b LISK
|c BSC
|d 2021-01-17
|e 24
|f 0
|g 0.00
|l 0
|o 338.4791 STA
|p 92410015497
|r 2021-01-17 00:00:00
|t 1
|w 2021-01-17
|y BK15
|x 20030401 0 1
|x GrPaTEI
|
| 971 |
|
|
|a .b26627152
|b 15-04-20
|c 23-09-16
|
| 999 |
|
|
|c 171854
|d 171854
|